Normal view
MARC view
Entry Personal Name
001 - CONTROL NUMBER
- control field: 32408
003 - CONTROL NUMBER IDENTIFIER
- control field: dpl
005 - DATE AND TIME OF LATEST TRANSACTION
- control field: 20110810162642.0
008 - FIXED-LENGTH DATA ELEMENTS
- fixed length control field: 110810|||a|||||| | ||| d
040 ## - CATALOGING SOURCE
- Original cataloging agency: dpl
- Transcribing agency: dpl
100 ## - HEADING--PERSONAL NAME
- Personal name: दत्ता, स्वप्ना
670 ## - SOURCE DATA FOUND
- Source citation: Work cat.: (dpl)55168: दत्ता, स्वप्ना, समुद्र तट पर /, 2010
670 ## - SOURCE DATA FOUND
- Source citation: Work cat.: (dpl)55168: दत्ता, स्वप्ना, समुद्र तट पर /, 2010
